000 00640nam a22001697a 4500
003 MACL
005 20160112170234.0
008 160112b xxu||||| |||| 00| 0 eng d
040 _cMACL
041 _aHindi
082 _a332
100 _aसम्‍पादक मण्‍डल प्रतियाेगिता दर्पण
_931553
245 _aउपकार बैंक लिपिकीय संवर्ग सम्मिलित लिखित परीक्षा
260 _aआगरा
_bउपकार प्रकाशन
650 _aबैंक परीक्षा
_931554
942 _2ddc
_cHIN
999 _c52089
_d52089